01018pam a2200253 i 45000010005000000030008000050050017000130080039000300200015000690350018000840400032001020410008001340820021001421110106001632450104002692600040003733000026004135040041004396500047004807000062005279420012005899990015006019520148006166313BD-RjUL20211208234225.0140109s1975 nyu b 100 0 eng a0120596504 a(BD-RjUL)6353 aDLCcDLCdDLCdBD-RjULbeng aeng00a515.35bINI 19752 aInternational Conference on Differential Equations,cUniversity of Southern California,d1974.91987510aInternational Conference on Differential Equations :b[proceedings] /cedited by H. A. Antosiewicz. aNew York :bAcademic Press,cc1975. axix, 834 p. ;c24 cm. aIncludes bibliographical references. 0aDifferential equationsxCongresses.9198761 aAntosiewicz, Henry A.q(Henry Albert),d1925-2004.919877 2ddccBK c6313d6313 00102ddc40718NFICaRUCLbRUCLcreadingd1977-05-09eW. Heffer and sonsg16.15l0o515.35 INI 1975r2014-01-09 00:00:00tC-1w2014-01-09yBK